000 00613nam a2200181 i 4500
001 84011
003 ES-MaACL
005 20230906174930.0
007 t|
008 041119s1944 sp ||||1| spa d
100 1 _aIvanov, Dimitri.
_965655
245 1 0 _aCuentos búlgaros /
_cElin-Pelin (seud.) ; [traducción del búlgaro, por Teodoro P. Neicov y Manuel María Barandica].
260 _aMadrid :
_bEdit. Stylos,
_c1944 (
_fSan Martín)
300 _a219 p. :
_bil. ;
_c18 cm.
700 1 _aNeïkov, Todor Petrov.
_9153946
700 1 _aBarandica, Manuel María.
_925314
852 _aES-MaACL
_jF-16002
_bR.20747
999 _c84011
_d84011